=LDR 00000nam 2200000 4500 =001 INLIS000000000020108 =005 20141220130634.0 =006 =007 =008 Ind =035 ##$$0010-061300000020108 =041 ##$$a Ind =082 ##$$a 633.8 =090 ##$$a 633.8, Mul k =100 ##$$a Muljanto, Rini Damayanti =245 ##$$a Khasiat dan manfaat daun sirih, obat mujarab dari masa ke masa, Rini Damayanti Noeljanto, Mulyono =260 ##$$a 2006 $b Jakarta =300 ##$$a vi, 78 hlm, ilus, 23 cm =650 ##$$a Sirih-Tanaman Obat =850 ##$$a NBPNMAT =990 ##$$a 0001/BPAP-NTB/2015